| Tag |
First Indicator |
Second Indicator |
Subfields |
| LEADER |
00000pam a2200000 a 4500 |
| 001 |
in00000086624 |
| 005 |
20151008064617.0 |
| 008 |
810929s1981 nyua b 10010 eng |
| 010 |
|
|
|a 81013191
|
| 020 |
|
|
|a 0470272953
|
| 035 |
|
|
|a (OCoLC)07875528
|
| 035 |
|
|
|9 AAK4486AM
|
| 039 |
0 |
|
|a 2
|b 3
|c 3
|d 3
|e 3
|
| 040 |
|
|
|a DLC
|c DLC
|d TXA
|d UtOrBLW
|
| 049 |
|
|
|a TXAM
|c [1673008]
|
| 050 |
0 |
0 |
|a QA76.9.D3
|b B75 1981
|
| 082 |
0 |
|
|a 001.64
|2 19
|
| 111 |
2 |
|
|a British National Conference on Databases
|n (1st :
|d 1981 :
|c Jesus College, Cambridge)
|
| 245 |
1 |
0 |
|a Databases :
|b proceedings of the 1st British National Conference on Databases, held at Jesus College, Cambridge, 13-14 July 1981 /
|c edited by S.M. Deen, P. Hammersley.
|
| 264 |
|
1 |
|a New York :
|b Wiley,
|c [1981]
|
| 264 |
|
4 |
|c ©1981
|
| 300 |
|
|
|a 205 pages :
|b illustrations ;
|c 24 cm.
|
| 336 |
|
|
|a text
|b txt
|2 rdacontent
|
| 337 |
|
|
|a unmediated
|b n
|2 rdamedia
|
| 338 |
|
|
|a volume
|b nc
|2 rdacarrier
|
| 500 |
|
|
|a "A Halsted Press book."
|
| 504 |
|
|
|a Includes bibliographical references.
|
| 650 |
|
0 |
|a Database management
|v Congresses.
|
| 700 |
1 |
|
|a Deen, S. M.
|q (Sayyed M.)
|
| 700 |
1 |
|
|a Hammersley, P.
|
| 999 |
|
|
|a MARS
|
| 999 |
f |
f |
|s 917f2465-b6cb-3a52-9469-f6aecb7f5b27
|i 536f49af-f55f-358a-89ef-2d133d30f271
|t 0
|
| 952 |
f |
f |
|p ric
|a Texas A&M University
|b Rellis Campus
|c Joint Library Facility
|d Remote Storage
|t 0
|e QA76.9.D3 B75 1981
|h Library of Congress classification
|i unmediated -- volume
|m A14806202704
|
| 998 |
f |
f |
|a QA76.9.D3 B75 1981
|t 0
|l Remote Storage
|